[Event "Lloyds Bank op"]
[Site "London"]
[Date "1985.??.??"]
[Round "?"]
[White "Peelen, Piet"]
[Black "Jacobs, Byron A"]
[Result "0-1"]
[WhiteElo "2345"]
[BlackElo "2295"]
[PlyCount "52"]
[EventDate "1985.08.??"]
[Source "ChessBase"]

1. e4 e5 2. Nf3 Nc6 3. Bc4 Nf6 4. Ng5 d5 5. exd5 Nd4 6. c3 b5 7. Bf1 Nxd5 8. Ne4 Qh4 9. Ng3 Bg4 10. f3 e4 11. cxd4 Bd6 12. Bxb5+ Kd8 13. fxg4 Bxg3+ 14. hxg3 Qxh1+ 15. Bf1 Nb4 16. Nc3 Nd3+ 17. Ke2 Qg1 18. Nxe4 Qxd4 19. Kf3 Ne5+ 20. Kf4 g5+ 21. Kxg5 Qxe4 22. d4 h5 23. Qe2 f6+ 24. Kxf6 Qg6+ 25. Kxe5 Re8+ 26. Kd5 Qd6+ 0-1

[Event "MK Cafe Cup-B"]
[Site "Koszalin"]
[Date "1999.08.11"]
[Round "8"]
[White "Raudive, Aivars"]
[Black "Gorin, Leonid"]
[Result "1/2-1/2"]
[WhiteElo "2240"]
[BlackElo "2388"]
[PlyCount "40"]
[EventDate "1999.08.03"]
[Source "www.chesslib.no"]
[SourceDate "2004.05.04"]

1. e4 e5 2. Nf3 Nc6 3. Bc4 Nf6 4. Ng5 d5 5. exd5 Nd4 6. c3 b5 7. Bf1 Nxd5 8. Ne4 Ne6 9. Bxb5+ Bd7 10. Bxd7+ Qxd7 11. d4 exd4 12. cxd4 Nb6 13. Be3 Rd8 14. Nbc3 Be7 15. d5 Nxd5 16. Nxd5 Qxd5 17. Qa4+ Qd7 18. Qc4 Qd5 19. Qa4+ Qd7 20. Qc4 Qd5 1/2-1/2

[Event "BRA Ch"]
[Site "Americana BRA"]
[Date "1996.??.??"]
[Round "11"]
[White "Caldeira, Adriano"]
[Black "Van Riemsdijk, Herman C"]
[Result "0-1"]
[WhiteElo "2220"]
[BlackElo "2405"]
[PlyCount "82"]
[EventDate "1996.??.??"]
[Source "www.chesslib.no"]
[SourceDate "2004.05.04"]

1. e4 e5 2. Nf3 Nc6 3. Bc4 Nf6 4. Ng5 d5 5. exd5 Nd4 6. c3 b5 7. Bf1 Nxd5 8. cxd4 Qxg5 9. Nc3 Bb7 10. Bxb5+ Kd8 11. Qf3 exd4 12. O-O Rb8 13. d3 Qe5 14. Ne4 Nf6 15. Bc4 Bd6 16. Nxd6 Qxd6 17. Qg3 Qxg3 18. fxg3 Re8 19. Bg5 Re2 20. Rf2 Rxf2 21. Kxf2 Bc8 22. Bxf6+ gxf6 23. b3 Be6 24. Rc1 Kd7 25. Kf3 Kd6 26. Bxe6 fxe6 27. Rc4 c5 28. Ra4 Rb7 29. Ke4 f5+ 30. Kf4 e5+ 31. Kxf5 Kd5 32. Ra5 Rf7+ 33. Kg5 e4 34. dxe4+ Kxe4 35. Rxc5 d3 36. Rc1 d2 37. Rd1 Kd3 38. Kh6 Rf2 39. Kxh7 Kc2 40. Rxd2+ Rxd2 41. g4 Rxg2 0-1

[Event "ROM-ch (Women)"]
[Site "Targoviste"]
[Date "2001.12.02"]
[Round "8"]
[White "Ionescu Brandis, Irina"]
[Black "Olarasu, Gabriela"]
[Result "0-1"]
[WhiteElo "2338"]
[BlackElo "2285"]
[PlyCount "66"]
[EventDate "2001.11.23"]
[Source "ChessBase"]
[SourceDate "2002.01.21"]

1. e4 e5 2. Nf3 Nc6 3. Bc4 Nf6 4. Ng5 d5 5. exd5 Nd4 6. c3 b5 7. Bf1 Nxd5 8. cxd4 Qxg5 9. Bxb5+ Kd8 10. Qf3 Bb7 11. O-O Rb8 12. dxe5 Ne3 13. Qh3 Qxg2+ 14. Qxg2 Nxg2 15. d4 Be7 16. Nc3 Nh4 17. Be2 Nf3+ 18. Bxf3 Bxf3 19. Re1 g5 20. a3 f5 21. Re3 g4 22. Rd3 Rb3 23. d5 Rg8 24. Be3 a6 25. Rd2 Bg5 26. Bxg5+ Rxg5 27. Re1 Rg6 28. d6 cxd6 29. exd6 Rb6 30. d7 Rge6 31. Rxe6 Rxe6 32. h4 Re1+ 33. Kh2 f4 0-1

[Event "Bayern-chA"]
[Site "Bad Neustadt"]
[Date "1992.??.??"]
[Round "1"]
[White "Renner, Christoph"]
[Black "Lochte, Thomas"]
[Result "1/2-1/2"]
[WhiteElo "2385"]
[BlackElo "2235"]
[PlyCount "101"]
[EventDate "1992.??.??"]
[Source "www.chesslib.no"]
[SourceDate "2004.05.04"]

1. e4 e5 2. Nf3 Nc6 3. Bc4 Nf6 4. Ng5 d5 5. exd5 Nd4 6. c3 b5 7. Bf1 Nxd5 8. Nh3 Bxh3 9. gxh3 Qh4 10. d3 Ne6 11. Qg4 Qxg4 12. hxg4 O-O-O 13. Rg1 Bc5 14. Nd2 Ndf4 15. Rg3 h5 16. Nb3 hxg4 17. Nxc5 Nxc5 18. Bxf4 exf4 19. Rxg4 Rxh2 20. Rxf4 Nxd3+ 21. Bxd3 Rxd3 22. Rxf7 Rxc3 23. Kd2 Rc6 24. Rc1 Rxc1 25. Kxc1 Rg2 26. f4 Kb7 27. f5 a5 28. Kb1 a4 29. a3 Kb6 30. f6 gxf6 31. Rxf6+ c6 32. Rf5 Rd2 33. Kc1 Rd4 34. Rf6 Kc5 35. Kc2 Rd6 36. Rf4 Rd4 37. Rf6 Rh4 38. Rf3 Kd4 39. Rd3+ Kc4 40. Rc3+ Kd5 41. Rg3 c5 42. Rd3+ Rd4 43. Rh3 Rg4 44. Rd3+ Ke4 45. Rh3 b4 46. axb4 cxb4 47. Rh2 Kd4 48. Rd2+ Kc4 49. b3+ axb3+ 50. Kb2 Rg3 51. Rh2 1/2-1/2

[Event "Virxe Peregrina Open 18th"]
[Site "?"]
[Date "2002.08.17"]
[Round "5.7"]
[White "Pilgaard Kim"]
[Black "Outerelo Ucha Manuel"]
[Result "1-0"]
[WhiteElo "2437"]
[BlackElo "2181"]
[PlyCount "59"]
[EventDate "2002.??.??"]
[Source "www.chesslib.no"]
[SourceDate "2004.05.04"]

1. e4 e5 2. Nf3 Nc6 3. Bc4 Nf6 4. Ng5 d5 5. exd5 Nd4 6. c3 b5 7. Bf1 Nxd5 8. Ne4 Qh4 9. Ng3 Bg4 10. f3 e4 11. cxd4 Bd6 12. Bxb5+ Kd8 13. O-O exf3 14. Rxf3 Rb8 15. Bf1 Re8 16. Nc3 Nf6 17. d3 Bxf3 18. Qxf3 Qxd4+ 19. Kh1 Qh4 20. Nce2 Ng4 21. h3 Ne5 22. Qf5 h6 23. Ne4 g6 24. Qf4 Qxf4 25. Nxf4 g5 26. Nd5 f5 27. Nxd6 cxd6 28. b3 Rb5 29. Nf6 Rf8 30. d4 1-0

[Event "Biel op MTO"]
[Site "Biel"]
[Date "1997.??.??"]
[Round "5"]
[White "Barthel, Ansgar"]
[Black "Zude, Arno"]
[Result "1/2-1/2"]
[WhiteElo "2215"]
[BlackElo "2395"]
[PlyCount "83"]
[EventDate "1997.07.21"]
[Source "ChessBase"]
[SourceDate "1997.11.24"]

1. e4 e5 2. Nf3 Nc6 3. Bc4 Nf6 4. Ng5 d5 5. exd5 Nd4 6. c3 b5 7. Bf1 Nxd5 8. h4 h6 9. Nxf7 Kxf7 10. cxd4 exd4 11. Bxb5 Be6 12. d3 Bb4+ 13. Nd2 Qf6 14. O-O Qxh4 15. Nf3 Qf6 16. Qe2 Bd6 17. Qe4 Nf4 18. Bxf4 Qxf4 19. Qxf4+ Bxf4 20. Nxd4 Be5 21. Nxe6 Kxe6 22. Rac1 Rab8 23. a4 Rb6 24. b3 Kf6 25. g3 g5 26. d4 Bd6 27. g4 h5 28. gxh5 Rxh5 29. Rfd1 Rh4 30. Rc3 Rb8 31. Rf3+ Bf4 32. Bf1 Rbh8 33. Bg2 Rg4 34. Rdd3 Ke7 35. Rh3 Rgh4 36. Rxh4 Rxh4 37. Kf1 Bd6 38. Bd5 c5 39. dxc5 Bxc5 40. Rf3 Rf4 41. Rxf4 gxf4 42. Ke2 1/2-1/2

[Event "ch-Euro IBCA"]
[Site "Durham ENG"]
[Date "2007.08.21"]
[Round "7"]
[White "Berlinsky, V."]
[Black "Olsar, J."]
[Result "0-1"]
[WhiteElo "2330"]
[BlackElo "2279"]
[PlyCount "60"]
[EventDate "2007.08.14"]
[Source "www.chesslib.no"]
[SourceDate "2004.05.04"]

1. e4 e5 2. Nf3 Nc6 3. Bc4 Nf6 4. Ng5 d5 5. exd5 Nd4 6. c3 b5 7. Bf1 Nxd5 8. Ne4 Qh4 9. Ng3 Bg4 10. f3 e4 11. cxd4 Bd6 12. Bxb5+ Kd8 13. O-O exf3 14. Rxf3 Rb8 15. a4 a6 16. Bf1 Re8 17. Nc3 Bxf3 18. Qxf3 Qxd4+ 19. Qf2 Bc5 20. Nge4 Qxf2+ 21. Nxf2 Nf6 22. b4 Bd4 23. Bb2 Rxb4 24. Ba3 Rb6 25. a5 Rbe6 26. Bb2 Ne4 27. Ncd1 Nxd2 28. Bxd4 Re1 29. Ne3 Rxa1 30. Bxa1 Rxe3 0-1

[Event "SLO-chT West"]
[Site "Skofja Loka"]
[Date "1998.??.??"]
[Round "?"]
[White "Orel, Oskar"]
[Black "Lazovic, Gordan"]
[Result "1/2-1/2"]
[WhiteElo "2300"]
[BlackElo "2305"]
[PlyCount "43"]
[EventDate "1998.??.??"]
[Source "www.chesslib.no"]
[SourceDate "2004.05.04"]

1. e4 e5 2. Nf3 Nc6 3. Bc4 Nf6 4. Ng5 d5 5. exd5 Nd4 6. c3 b5 7. Bf1 Nxd5 8. Ne4 Qh4 9. d3 Ne6 10. g3 Qd8 11. d4 exd4 12. Bxb5+ Bd7 13. Qa4 Be7 14. cxd4 Nb4 15. Bxd7+ Qxd7 16. Qxd7+ Kxd7 17. Na3 f5 18. Nc5+ Nxc5 19. dxc5 Bxc5 20. O-O Rae8 21. Bf4 Kc8 22. Rac1 1/2-1/2

[Event "Cuxhaven Open"]
[Site "Cuxhaven"]
[Date "1994.??.??"]
[Round "?"]
[White "Kruse, Herbert"]
[Black "Hermann, Manfred"]
[Result "0-1"]
[WhiteElo "2205"]
[BlackElo "2395"]
[PlyCount "28"]
[EventDate "1994.??.??"]
[Source "www.chesslib.no"]
[SourceDate "2004.05.04"]

1. e4 e5 2. Nf3 Nc6 3. Bc4 Nf6 4. Ng5 d5 5. exd5 Nd4 6. c3 b5 7. Bf1 Nxd5 8. cxd4 Qxg5 9. Bxb5+ Kd8 10. Qf3 Bb7 11. Nc3 exd4 12. Ne4 Qe5 13. O-O Nf6 14. d3 Qxb5 0-1

[Event "Primavara (Women)"]
[Site "Bucharest"]
[Date "1998.??.??"]
[Round "3"]
[White "Ionescu Brandis, Irina"]
[Black "Olarasu, Gabriela"]
[Result "1-0"]
[WhiteElo "2330"]
[BlackElo "2270"]
[PlyCount "101"]
[EventDate "1998.??.??"]
[Source "www.chesslib.no"]
[SourceDate "2004.05.04"]

1. e4 e5 2. Nf3 Nc6 3. Bc4 Nf6 4. Ng5 d5 5. exd5 Nd4 6. c3 b5 7. Bf1 Nxd5 8. Ne4 Ne6 9. Bxb5+ Bd7 10. Bxd7+ Qxd7 11. O-O f5 12. Ng3 g6 13. d4 exd4 14. Re1 Bg7 15. cxd4 O-O 16. Nc3 Nxd4 17. Be3 Nxe3 18. fxe3 f4 19. Nge4 fxe3 20. Rxe3 Rad8 21. Kh1 Qf5 22. Re1 Kh8 23. Rf1 Qxf1+ 24. Qxf1 Rxf1+ 25. Rxf1 Ne6 26. g3 Bd4 27. Rf7 Re8 28. Kg2 c6 29. b3 Kg8 30. Rd7 Rd8 31. Re7 Ng7 32. Ne2 Bb6 33. Nf4 Rf8 34. h4 Nf5 35. Rd7 Nxh4+ 36. Kh3 Nf5 37. Ng5 h6 38. Nf3 Rf6 39. Ne5 g5 40. Nfd3 Nd4 41. Nc4 Ne2 42. Kg4 Nc3 43. Nde5 Ne4 44. Rb7 Rf2 45. Kh5 Nxg3+ 46. Kxh6 Ne4 47. Rg7+ Kf8 48. Ng6+ Ke8 49. Re7+ Kd8 50. Rxe4 Rxa2 51. Nge5 1-0

[Event "RUS-ch sf"]
[Site "Perm"]
[Date "1997.??.??"]
[Round "2"]
[White "Goldstein, Grigory"]
[Black "Hamatgaleev, Alexej"]
[Result "0-1"]
[WhiteElo "2280"]
[BlackElo "2310"]
[PlyCount "124"]
[EventDate "1997.??.??"]
[Source "www.chesslib.no"]
[SourceDate "2004.05.04"]

1. e4 e5 2. Nf3 Nc6 3. Bc4 Nf6 4. Ng5 d5 5. exd5 Nd4 6. Nc3 h6 7. Nf3 Bg4 8. d3 Bb4 9. a3 Bxc3+ 10. bxc3 Nxf3+ 11. gxf3 Bh5 12. Rg1 Nxd5 13. Qe2 Qd6 14. Bxd5 Qxd5 15. Qe4 Qc5 16. Bd2 O-O 17. Qe3 Qxe3+ 18. Bxe3 Kh7 19. Rg3 g5 20. h4 f6 21. Ke2 Bg6 22. Rh1 Kg7 23. Rhg1 Rfe8 24. Kf1 Re6 25. hxg5 hxg5 26. Ke2 Rae8 27. Rb1 b6 28. c4 c5 29. a4 a5 30. Rgg1 Rd8 31. Rb2 Be8 32. Ra1 Kg6 33. Bd2 Kf5 34. Rbb1 Rd7 35. Rh1 Kg6 36. Rh2 Rh7 37. Rxh7 Kxh7 38. Rh1+ Kg7 39. Ra1 Bc6 40. Bc3 Kf7 41. Ke3 Ke8 42. Rh1 Bxa4 43. Kd2 Bc6 44. Rh3 Kd7 45. Bb2 Ba4 46. Rh6 Rd6 47. Kc3 Ke6 48. Bc1 Kf5 49. Be3 Bc6 50. Rh3 Rd7 51. Kd2 a4 52. Ke2 Kg6 53. Rh1 Rh7 54. Rxh7 Kxh7 55. Bc1 Kg6 56. Bb2 Kh5 57. c3 Kh4 58. d4 Kh3 59. dxc5 bxc5 60. Ba3 Kg2 61. f4 exf4 62. Bxc5 g4 0-1

[Event "Corr"]
[Site "?"]
[Date "2001.11.29"]
[Round "?"]
[White "Korosec Stane"]
[Black "Bohak Janko"]
[Result "1-0"]
[WhiteElo "2337"]
[BlackElo "2245"]
[PlyCount "55"]
[EventDate "2001.??.??"]
[Source "www.chesslib.no"]
[SourceDate "2004.05.04"]

1. e4 e5 2. Nf3 Nc6 3. Bc4 Nf6 4. Ng5 d5 5. exd5 Nd4 6. c3 b5 7. Bf1 Nxd5 8. Ne4 Qh4 9. Ng3 Bg4 10. f3 e4 11. cxd4 Bd6 12. Bxb5+ Kd8 13. O-O exf3 14. Rxf3 Rb8 15. a4 a6 16. Bf1 Re8 17. Nc3 Nf6 18. d3 Bxf3 19. Qxf3 Ng4 20. h3 Bxg3 21. Qd5+ Kc8 22. Qf5+ Re6 23. Ne4 Nf6 24. Bg5 Bf2+ 25. Kh1 g6 26. Qf3 Qh5 27. g4 Nxg4 28. Qxf7 1-0

[Event "Corr"]
[Site "?"]
[Date "2003.01.19"]
[Round "1"]
[White "Krueger Hilmar"]
[Black "Epiney Flo"]
[Result "1/2-1/2"]
[WhiteElo "2297"]
[BlackElo "2281"]
[PlyCount "108"]
[EventDate "2003.??.??"]
[Source "www.chesslib.no"]
[SourceDate "2004.05.04"]

1. e4 e5 2. Nf3 Nc6 3. Bc4 Nf6 4. Ng5 d5 5. exd5 Nd4 6. c3 b5 7. Bf1 Nxd5 8. cxd4 Qxg5 9. Bxb5+ Kd8 10. O-O Bb7 11. Qf3 Rb8 12. dxe5 Ne3 13. Qh3 Qxg2+ 14. Qxg2 Nxg2 15. d4 Kc8 16. Be2 Nh4 17. Bg4+ Kd8 18. d5 f6 19. e6 Bd6 20. Nc3 Ke7 21. Rd1 h5 22. Be2 c6 23. Ne4 Rbd8 24. Nxd6 Rxd6 25. Be3 cxd5 26. Bc5 Kxe6 27. Bxd6 Kxd6 28. Rd4 Ba6 29. Bd1 g5 30. Ra4 Bc4 31. Rxa7 g4 32. Rf7 Ke5 33. b3 Bd3 34. Re7+ Kd6 35. Re3 Ba6 36. b4 Rb8 37. a3 f5 38. Rc3 d4 39. Rc5 Bb7 40. f4 Re8 41. Rb5 Bf3 42. Kf2 Re3 43. Rb6+ Kd5 44. Ba4 Be4 45. Rc1 Rf3+ 46. Ke2 Re3+ 47. Kf2 Rf3+ 48. Ke2 Re3+ 49. Kf2 Rf3+ 50. Ke2 Re3+ 51. Kf2 Rf3+ 52. Ke2 Re3+ 53. Kf2 Rf3+ 54. Ke2 Re3+ 1/2-1/2

[Event "FRA Team Ch"]
[Site "France"]
[Date "1991.??.??"]
[Round "?"]
[White "Szitas, Gabor"]
[Black "Boudre, Jean-Pierre"]
[Result "0-1"]
[WhiteElo "2200"]
[BlackElo "2365"]
[PlyCount "58"]
[EventDate "1991.??.??"]
[Source "www.chesslib.no"]
[SourceDate "2004.05.04"]

1. e4 e5 2. Nf3 Nc6 3. Bc4 Nf6 4. Ng5 d5 5. exd5 Nd4 6. d6 Qxd6 7. Bxf7+ Ke7 8. c3 h6 9. cxd4 hxg5 10. Bc4 Qxd4 11. Qe2 b5 12. Bxb5 Bb7 13. f3 Rxh2 14. Rxh2 Qg1+ 15. Qf1 Qxh2 16. d3 g4 17. fxg4 Bxg2 18. Qf2 Qh1+ 19. Kd2 Nxg4 20. Qf5 Bf3 21. Qg5+ Kd6 22. Na3 c6 23. Qg6+ Nf6 24. Qf7 Qd1+ 25. Kc3 Nd5+ 26. Kc4 Rc8 27. Qg6+ Kc7 28. Bxc6 Kb6 29. Be3+ Nxe3+ 0-1

[Event "Kranj"]
[Site "?"]
[Date "2005.07.05"]
[Round "9"]
[White "Jeric Simon"]
[Black "Rodman Franc"]
[Result "1-0"]
[WhiteElo "2330"]
[BlackElo "2231"]
[PlyCount "73"]
[EventDate "2005.??.??"]
[Source "www.chesslib.no"]
[SourceDate "2004.05.04"]

1. e4 e5 2. Nf3 Nc6 3. Bc4 Nf6 4. Ng5 d5 5. exd5 Nd4 6. c3 b5 7. Bf1 Nxd5 8. Ne4 Qh4 9. Ng3 Bb7 10. cxd4 O-O-O 11. Be2 Nf4 12. Bg4+ Kb8 13. O-O h5 14. Bf3 e4 15. Bxe4 Bxe4 16. Nxe4 Nh3+ 17. gxh3 Qxe4 18. d3 Qf5 19. Nd2 Rxd4 20. Qf3 Rf4 21. Qg2 Qxd3 22. Re1 Bb4 23. Nf1 Rf6 24. Re5 Bd6 25. Rd5 Qe2 26. Be3 Rg6 27. Rg5 Rhh6 28. h4 Qxb2 29. Re1 Rxg5 30. hxg5 Re6 31. Qf3 Re7 32. Re2 Qb4 33. Qxh5 Kb7 34. Nd2 c6 35. Qf3 Qh4 36. h3 f5 37. gxf6 1-0

[Event "Vsetin op"]
[Site "Vsetin"]
[Date "1997.??.??"]
[Round "?"]
[White "Sosna, Jan"]
[Black "Doring, Robert"]
[Result "1-0"]
[WhiteElo "2370"]
[BlackElo "2190"]
[PlyCount "55"]
[EventDate "1997.??.??"]
[Source "www.chesslib.no"]
[SourceDate "2004.05.04"]

1. e4 e5 2. Nf3 Nc6 3. Bc4 Nf6 4. Ng5 d5 5. exd5 Nd4 6. c3 b5 7. Bf1 Nxd5 8. cxd4 Qxg5 9. Bxb5+ Kd8 10. Qf3 e4 11. Qxe4 Bd6 12. h4 Qh5 13. Be2 Qf5 14. Nc3 Nb4 15. Qxa8 Nc2+ 16. Kd1 Nxa1 17. d3 Re8 18. Be3 Qa5 19. Qd5 Qxd5 20. Nxd5 f5 21. Bh5 Rf8 22. Bf3 f4 23. Bd2 Be6 24. Nb4 c5 25. Nc6+ Kc7 26. d5 Bf5 27. Bc3 c4 28. Kd2 1-0

[Event "Jakarta zt"]
[Site "Jakarta"]
[Date "1993.??.??"]
[Round "9"]
[White "Norris, Damian C"]
[Black "Nishimura, Hiroyuki"]
[Result "0-1"]
[WhiteElo "2235"]
[BlackElo "2325"]
[PlyCount "116"]
[EventDate "1993.01.??"]
[Source "ChessBase"]

1. e4 e5 2. Nf3 Nc6 3. Bc4 Nf6 4. Ng5 d5 5. exd5 Nd4 6. c3 b5 7. Bf1 Nxd5 8. cxd4 Qxg5 9. Qe2 Nb4 10. Na3 Bd6 11. dxe5 O-O 12. d4 Qh4 13. Be3 c5 14. Nxb5 cxd4 15. Bxd4 Ba6 16. g3 Bxb5 17. gxh4 Bxe2 18. Kxe2 Rfe8 19. f4 f6 20. Bf2 fxe5 21. f5 Rac8 22. a3 Rc2+ 23. Ke1 e4 24. axb4 Bxb4+ 25. Kd1 Rd2+ 26. Kc1 Rc8+ 27. Kb1 Rxf2 28. Rxa7 e3 29. Rb7 Rxf1+ 30. Rxf1 e2 31. Rg1 e1=Q+ 32. Rxe1 Bxe1 33. h5 Rc6 34. Re7 Ba5 35. Re4 h6 36. Re5 Bc7 37. Re2 Kf7 38. h3 Rc5 39. Rf2 Kf6 40. Rg2 Rxf5 41. Rg6+ Kf7 42. Rc6 Ba5 43. Rd6 Rxh5 44. Rd7+ Kf6 45. Rd6+ Ke7 46. Rd3 Rh4 47. Rg3 g5 48. Kc2 Rf4 49. Ra3 Bb4 50. Re3+ Kf6 51. Kb3 h5 52. Rd3 g4 53. hxg4 hxg4 54. Kc2 Re4 55. Rd8 Kg5 56. Kd3 Re6 57. Kc4 Be1 58. b3 g3 0-1

[Event "Miercurea Ciuc op"]
[Site "Miercurea Ciuc"]
[Date "1999.??.??"]
[Round "6"]
[White "Toma, Alin"]
[Black "Vajda, Albert"]
[Result "1-0"]
[WhiteElo "2202"]
[BlackElo "2353"]
[PlyCount "41"]
[EventDate "1999.??.??"]
[Source "www.chesslib.no"]
[SourceDate "2004.05.04"]

1. e4 e5 2. Nf3 Nc6 3. Bc4 Nf6 4. Ng5 d5 5. exd5 Nd4 6. c3 b5 7. Bf1 Nxd5 8. cxd4 Qxg5 9. Nc3 exd4 10. Bxb5+ Kd8 11. Bc6 Ba6 12. Nxd5 Qxg2 13. Ne7 Qg5 14. Qf3 Bxe7 15. Bxa8 Bd6 16. Bc6 d3 17. Kf1 Qh6 18. b4 Bc8 19. h4 Rf8 20. Bb2 Qxd2 21. Bxg7 1-0

[Event "CZE-chT2b 0001"]
[Site "?"]
[Date "2001.??.??"]
[Round "?"]
[White "Kotek Daniel"]
[Black "Jirka Jiri"]
[Result "0-1"]
[WhiteElo "2245"]
[BlackElo "2300"]
[PlyCount "84"]
[EventDate "2001.??.??"]
[Source "www.chesslib.no"]
[SourceDate "2004.05.04"]

1. e4 e5 2. Nf3 Nc6 3. Bc4 Nf6 4. Ng5 d5 5. exd5 Nd4 6. c3 b5 7. Bf1 Nxd5 8. Ne4 Ne6 9. Bxb5+ Bd7 10. Qa4 Ndf4 11. O-O Nd3 12. b3 f5 13. Ng3 g6 14. Ba3 Bg7 15. Ne2 Bxb5 16. Qxb5+ Qd7 17. Qc4 Kf7 18. Nd4 exd4 19. Qxd3 Qd5 20. Qc4 Qxc4 21. bxc4 d3 22. Re1 Rhe8 23. Kf1 f4 24. Re4 c5 25. Bc1 a6 26. Na3 Rab8 27. Rb1 Rxb1 28. Nxb1 Rb8 29. Na3 h5 30. f3 Kf6 31. Kf2 Kf5 32. h3 Bf6 33. g4+ fxg3+ 34. Kxg3 Be5+ 35. Kf2 Nf4 36. h4 Ne2 37. Rxe2 dxe2 38. Kxe2 Bf6 39. Nc2 Bxh4 40. Ba3 Be7 41. Ne3+ Ke6 42. Nd5 Bd6 0-1

[Event "Troll Masters"]
[Site "Gausdal"]
[Date "1992.??.??"]
[Round "8"]
[White "Gretarsson, Andri A"]
[Black "Jakubovics, Nicholas"]
[Result "1-0"]
[WhiteElo "2315"]
[BlackElo "2230"]
[PlyCount "43"]
[EventDate "1992.01.??"]
[Source "ChessBase"]

1. e4 e5 2. Nf3 Nc6 3. Bc4 Nf6 4. Ng5 d5 5. exd5 Nd4 6. c3 b5 7. Bf1 Nxd5 8. Ne4 Qh4 9. Ng3 Bg4 10. f3 e4 11. cxd4 Bd6 12. Bxb5+ Kd8 13. O-O exf3 14. Rxf3 Rb8 15. Bf1 Re8 16. Nc3 Nb4 17. d3 Bxf3 18. Qxf3 Nc2 19. Rb1 Qxd4+ 20. Kh1 Ne3 21. Nce4 Bxg3 22. Bxe3 1-0

[Event "SWE-ch"]
[Site "Lund"]
[Date "1974.??.??"]
[Round "2"]
[White "Ekenberg, Bengt"]
[Black "Fridh, Anton"]
[Result "1-0"]
[WhiteElo "2280"]
[BlackElo "2255"]
[PlyCount "105"]
[EventDate "1974.07.07"]
[Source "ChessBase"]

1. e4 e5 2. Nf3 Nc6 3. Bc4 Nf6 4. Ng5 d5 5. exd5 Nd4 6. c3 Nf5 7. Qf3 Nd6 8. d3 Be7 9. Nd2 O-O 10. Nge4 Nfxe4 11. Nxe4 f5 12. Nxd6 Bxd6 13. Be3 f4 14. Bd2 Bf5 15. O-O-O Qd7 16. h3 a5 17. Bb3 a4 18. Bc2 b5 19. a3 Rae8 20. Rde1 Qf7 21. g4 Bg6 22. h4 h5 23. Rhg1 hxg4 24. Qxg4 Bf5 25. Qg2 Re7 26. c4 bxc4 27. dxc4 Bxc2 28. Kxc2 c6 29. Bc3 Qf5+ 30. Qe4 cxd5 31. cxd5 Qh5 32. Qg6 Qxg6+ 33. Rxg6 Rd8 34. f3 Bb8 35. Re4 Rxd5 36. Rxa4 Kh7 37. Rg2 Rd6 38. Re4 Rg6 39. Rge2 Rg3 40. Rxf4 Rd7 41. Rf5 g6 42. Rf8 Bd6 43. Rf6 Bc7 44. a4 Kg7 45. Rc6 Rxf3 46. a5 Rf6 47. Rc4 Kf7 48. b4 Ke6 49. b5 Kd5 50. Kb3 Rf4 51. Rd2+ Ke6 52. Rxd7 Kxd7 53. Rxc7+ 1-0

[Event "Czech Extraleague 1998-9"]
[Site "CZE"]
[Date "1998.11.28"]
[Round "3"]
[White "Sosna, J."]
[Black "Jirka, J."]
[Result "1/2-1/2"]
[WhiteElo "2360"]
[BlackElo "2173"]
[PlyCount "122"]
[EventDate "1998.??.??"]
[Source "www.chesslib.no"]
[SourceDate "2004.05.04"]

1. e4 e5 2. Nf3 Nc6 3. Bc4 Nf6 4. Ng5 d5 5. exd5 Nd4 6. c3 b5 7. Bf1 Nxd5 8. cxd4 Qxg5 9. Bxb5+ Kd8 10. O-O Bb7 11. Qf3 Rb8 12. Nc3 exd4 13. d3 Qe5 14. Ne4 Nf6 15. Bc4 Nxe4 16. dxe4 Qxe4 17. Qxe4 Bxe4 18. Bxf7 Bc2 19. b3 Be7 20. Bb2 Bf6 21. Rac1 d3 22. Bxf6+ gxf6 23. f4 Rb6 24. Rf2 a5 25. Rd2 Kc8 26. Bh5 a4 27. bxa4 Rd6 28. Bd1 Bxd1 29. Rcxd1 Rhd8 30. Kf2 Rd4 31. Ke3 Rxa4 32. Rxd3 Rxd3+ 33. Rxd3 Rxa2 34. Kf3 Ra6 35. Ke4 Ra2 36. Rg3 Kd7 37. Kf5 Rf2 38. h4 c5 39. Rg7+ Kd6 40. g4 c4 41. Rxh7 c3 42. Rh8 Kd7 43. Ra8 c2 44. Ra1 Rd2 45. Rc1 Ke7 46. Kg6 Rh2 47. h5 Rf2 48. g5 fxg5 49. fxg5 Kf8 50. Kh6 Rd2 51. Kh7 Rd5 52. Rxc2 Rxg5 53. Rf2+ Ke7 54. h6 Rg1 55. Rf5 Rg2 56. Ra5 Kf7 57. Ra7+ Kf8 58. Rg7 Rh2 59. Rg4 Rf2 60. Kg6 Kg8 61. Ra4 Rg2+ 1/2-1/2

[Event "IBCA Wch blind 10th"]
[Site "?"]
[Date "2002.11.23"]
[Round "4"]
[White "Berlinsky Vladimir"]
[Black "Sakic Milutin"]
[Result "1-0"]
[WhiteElo "2380"]
[BlackElo "2150"]
[PlyCount "101"]
[EventDate "2002.??.??"]
[Source "www.chesslib.no"]
[SourceDate "2004.05.04"]

1. e4 e5 2. Nf3 Nc6 3. Bc4 Nf6 4. Ng5 d5 5. exd5 Nd4 6. c3 Nf5 7. Qe2 Bd6 8. d3 O-O 9. Ne4 h6 10. O-O a6 11. Nbd2 b5 12. Bb3 Bb7 13. Nxf6+ Qxf6 14. a4 Rfd8 15. Nf3 Ne7 16. axb5 axb5 17. Rxa8 Bxa8 18. Re1 Ng6 19. Qe4 Bc5 20. Re2 c6 21. c4 cxd5 22. cxd5 Qd6 23. Nxe5 Nxe5 24. Qxe5 Bxd5 25. Qxd6 Rxd6 26. Bc2 Kf8 27. Be3 Rc6 28. Bxc5+ Rxc5 29. f3 b4 30. d4 Rc7 31. Kf2 b3 32. Be4 Bc4 33. Rd2 Rd7 34. Bc6 Rd6 35. d5 Ke7 36. Ke3 Rg6 37. Kd4 Bf1 38. g3 Kd6 39. Kc3 Rf6 40. Rf2 Bh3 41. Kxb3 Bg4 42. f4 g5 43. Kc4 Bd7 44. Bxd7 Kxd7 45. b4 Kd6 46. b5 Rf5 47. b6 h5 48. b7 Kc7 49. Rb2 Kb8 50. d6 Rf6 51. Kc5 1-0

[Event "CRO Ch"]
[Site "?"]
[Date "2002.11.26"]
[Round "3"]
[White "Bursic Elvis"]
[Black "Doric Nenad"]
[Result "1/2-1/2"]
[WhiteElo "2101"]
[BlackElo "2406"]
[PlyCount "31"]
[EventDate "2002.??.??"]
[Source "www.chesslib.no"]
[SourceDate "2004.05.04"]

1. e4 e5 2. Nf3 Nc6 3. Bc4 Nf6 4. Ng5 d5 5. exd5 Nd4 6. c3 b5 7. cxd4 bxc4 8. dxe5 Nxd5 9. Nf3 Nb4 10. O-O Bf5 11. Na3 Bc5 12. Ne1 Qd5 13. Nac2 Nxc2 14. Nxc2 Qd3 15. Ne3 Be6 16. Qa4+ 1/2-1/2

[Event "Quebeck Ch"]
[Site "Quebec CAN"]
[Date "1994.??.??"]
[Round "9"]
[White "O'Donnell, Tom"]
[Black "Grondin, Jean-Philippe"]
[Result "1/2-1/2"]
[WhiteElo "2385"]
[BlackElo "2120"]
[PlyCount "135"]
[EventDate "1994.??.??"]
[Source "www.chesslib.no"]
[SourceDate "2004.05.04"]

1. e4 e5 2. Nf3 Nc6 3. Bc4 Nf6 4. Ng5 d5 5. exd5 Nd4 6. c3 b5 7. Bf1 Nxd5 8. cxd4 Qxg5 9. Nc3 Bb7 10. Bxb5+ c6 11. Be2 exd4 12. Nxd5 Qxd5 13. O-O Be7 14. Bf3 Qd7 15. b4 O-O 16. Qb3 a5 17. bxa5 Rxa5 18. a4 Ba8 19. Re1 c5 20. Bxa8 Rfxa8 21. d3 Bf8 22. Bf4 Rxa4 23. Rxa4 Qxa4 24. Qd5 Re8 25. Rf1 Qa8 26. Qb3 Qc6 27. h3 Bd6 28. Bxd6 Qxd6 29. Ra1 g6 30. Qb7 Kg7 31. g3 Rb8 32. Qf3 Rb2 33. Rc1 Rb3 34. Qe4 Rc3 35. Rd1 Rc2 36. Rb1 Qf6 37. Rf1 Rd2 38. Kg2 Qe6 39. Kf3 Qf6+ 40. Kg2 Qe6 41. Rc1 Qf6 42. Rf1 Qe6 43. Qxe6 fxe6 44. Rc1 Rxd3 45. Rxc5 Rc3 46. Ra5 Kf6 47. g4 d3 48. g5+ Kf7 49. Ra7+ Ke8 50. Kf3 d2+ 51. Ke2 Rd3 52. Kd1 Rxh3 53. Kxd2 Rf3 54. Ke2 Rf5 55. Rxh7 Rxg5 56. Ke3 Rf5 57. f4 Rf7 58. Rh6 Rg7 59. Ke4 Kf7 60. Ke5 Ke7 61. Rh1 g5 62. f5 exf5 63. Kxf5 g4 64. Rg1 g3 65. Kf4 g2 66. Kf3 Ke6 67. Rxg2 Rxg2 68. Kxg2 1/2-1/2

[Event "New York State-ch 121st"]
[Site "New York"]
[Date "1999.09.04"]
[Round "2"]
[White "Stenzel, Harold"]
[Black "Nikolayev, Igor"]
[Result "0-1"]
[WhiteElo "2153"]
[BlackElo "2342"]
[PlyCount "52"]
[EventDate "1999.09.04"]
[Source "www.chesslib.no"]
[SourceDate "2004.05.04"]

1. e4 e5 2. Nf3 Nc6 3. Bc4 Nf6 4. Ng5 d5 5. exd5 Nd4 6. c3 b5 7. Bf1 Nxd5 8. Ne4 Ne6 9. Bxb5+ Bd7 10. Bxd7+ Qxd7 11. O-O f5 12. Ng3 g6 13. d4 exd4 14. cxd4 Bg7 15. Re1 O-O 16. Nc3 Nxd4 17. Be3 Nxe3 18. fxe3 f4 19. exf4 Rab8 20. f5 Rxb2 21. fxg6 Rff2 22. gxh7+ Kh8 23. Nf1 Rxg2+ 24. Kh1 Qh3 25. Ne2 Rbxe2 26. Rxe2 Rxe2 0-1